10 największych miast w Polsce (powierzchnia) - Statystyki

Ogólne statystyki
  • Ten quiz został rozwiązany 961 razy
  • Średni wynik to 7 z 10
Statystyki odpowiedzi
Powierzchnia (km2) Miasto % Poprawnych
517.24 Warszawa
100%
326.85 Kraków
97%
261.96 Gdańsk
95%
292.82 Wrocław
92%
261.91 Poznań
89%
293.25 Łódź
86%
300.60 Szczecin
85%
278.32 Zielona Góra
51%
188.73 Dąbrowa Górnicza
21%
202.07 Świnoujście
19%
Nie znaleziono quizów pasujących do podanych kryteriów
Rozkład punktacji
Procent ludzi z każdym wynikiem
Percentyl według liczby udzielonych odpowiedzi
Twoja historia wyników
Nie rozwiązałeś tego quizu